|
|
|
|
| LEADER |
00000nab a2200000 a 4500 |
| 001 |
vtls010737962 |
| 003 |
SK-MaSNL |
| 005 |
20260304193932.0 |
| 008 |
250709s2010 xo |||||||||||||||||slo| |
| 035 |
|
|
|a (urnnbn)urn:nbn:sk:snk:ar-a05lou
|
| 035 |
|
|
|a (uuid)73e53eff-fa76-4c1e-ad26-0199f1b5907d
|
| 035 |
|
|
|a urn:nbn:sk:snk-ab3z0k
|
| 040 |
|
|
|a SNKBUCL
|b slo
|c SNKBUCL
|e AACR2
|
| 041 |
0 |
|
|a slo
|
| 044 |
|
|
|a xo
|c SK
|
| 100 |
1 |
|
|a Maďar, Rastislav,
|d 1973-
|4 aut
|9 205008
|
| 245 |
1 |
0 |
|a NOZOKOMIÁLNA PSEUDOMONÁDOVÁ SEPSA U DETSKEJ PACIENTKY (kazuistika)
|c Rastislav Maďar
|
| 773 |
0 |
|
|t Nozokomiálne nákazy : odborný časopis
|g Roč. 9, č. 3 (2010), s. 14
|
| 850 |
|
|
|a Slovenská národná knižnica
|
| 852 |
|
|
|a Slovenská národná knižnica
|
| 954 |
|
|
|a odborná, vedecká literatúra pôvodná (slovenská)
|2 lita
|
| 958 |
|
|
|a article1
|
| 958 |
|
|
|a OND
|
| 958 |
|
|
|a EUIPO
|
| 999 |
|
|
|c 3070549
|d 3072479
|